000 00609nam a2200217 4500
001 58621
003 BD-RjUL
005 20211209080636.0
008 161219s2003 uc ||||| |||| 00| 0 eng d
020 _a9788181288417
035 _a(BD-RjUL)58745
040 _beng
_cBD-RjUL
041 _aeng
082 _223
_a632.9517
_bUPA 2003
100 _aUpadhyay, Rajeev K
_9174204
245 0 1 _aAdvances in Microbial Control of Insect Pests/
_cRajeev K Upadhyay
260 _aBoston, MA :
_bSpringer US,
_c2003.
300 _axi, 330 p.;
_c24cm.
650 _aMicrobial insecticides
_9174205
942 _2ddc
_cBK
999 _c58621
_d58621